Langit vanilla : himpunan puisi,prosa & catatan peribadi

Bibliographic Details
Main Author: Wani Ardy
Format: Book
Published: Selangor : Mph publishers , 2014
Subjects:

MARC

LEADER 00000cam a2200000 7i4500
001 0000040463
005 20140417.0
008 140418
020 |a 9671098912 
090 0 0 |a 899.231   |b WAN 
100 1 |a Wani Ardy 
245 1 0 |a Langit vanilla :   |b himpunan puisi,prosa & catatan peribadi   |c Wani Ardy 
260 |a Selangor :   |b Mph publishers ,   |c 2014 
650 0 |a Novel 
650 0 |a Puisi 
999 |a 0001292147   |b Book   |c Adult Collection   |e Perbadanan Perpustakaan Awam Johor